Loading...
| History - European | 0 | 7 | 0 | 1 | 70 | 44 | 79.29 | 1 | 3 | 0.00 | 0.00 |
| Geography | 0 | 5 | 1 | 0 | 45 | 54 | 86.40 | 1 | 2 | 0.00 | 0.00 |
| History - World | 0 | 5 | 1 | 0 | 45 | 77 | 103.00 | 0 | 0 | 0.00 | 0.00 |
| Current Events | 0 | 4 | 0 | 0 | 40 | 43 | 85.25 | 0 | 1 | 0.00 | 0.00 |
| Any History | 0 | 5 | 2 | 2 | 40 | 83 | 110.00 | 1 | 1 | 0.00 | 0.00 |
| History - American | 0 | 5 | 3 | 1 | 35 | 83 | 113.00 | 0 | 0 | 0.00 | 0.00 |
| Other Academic | 0 | 3 | 0 | 1 | 30 | 98 | 113.33 | 0 | 0 | 0.00 | 0.00 |
| Social Science | 0 | 2 | 0 | 1 | 20 | 132 | 138.50 | 0 | 0 | 0.00 | 0.00 |
| Religion | 0 | 3 | 2 | 0 | 20 | 85 | 96.33 | 0 | 0 | 0.00 | 0.00 |
| Painting & Sculpture | 0 | 1 | 0 | 0 | 10 | 115 | 115.00 | 0 | 0 | 0.00 | 0.00 |
| Philosophy | 0 | 1 | 0 | 0 | 10 | 121 | 121.00 | 0 | 0 | 0.00 | 0.00 |
| Fine Arts - Classical Music | 0 | 1 | 0 | 0 | 10 | 126 | 126.00 | 0 | 0 | 0.00 | 0.00 |
| Mythology | 0 | 1 | 1 | 0 | 5 | 129 | 129.00 | 0 | 0 | 0.00 | 0.00 |
| Literature - British | 0 | 0 | 0 | 0 | 0 | 0.00 | 0 | 0 | 0.00 | 0.00 | |
| Science - Other | 0 | 0 | 1 | 0 | -5 | 0.00 | 0 | 0 | 0.00 | 0.00 |